000 00457nam a2200181Ia 4500
003 GCL
008 140319s9999 xx 000 0 eng d
040 _aGCL /
_cGCL
082 0 4 _a823
_bC C
100 1 _aCOLDWELL, TAYLOR
245 1 0 _aCAPTIONS AND THE KINGS /
_cCOLDWELL, TAYLOR
260 _a[S.N] :
_bFAWCETT CREST ،
_c1972
300 _a816 P
650 0 4 _aENGLISH LITERATURE
650 0 4 _aENGLISH FICTION
650 0 4 _aFICTION
942 _2ddc
_cBK
999 _c14875
_d14875